banner koha

Paraquat resistance of sumatran fleabane (Conyza sumatrensis) (Registro n. 9199)

MARC details
000 -LÍDER
fixed length control field 03843nab a2200301 i 4500
003 - CÓDIGO MARC DA AGÊNCIA CATALOGADORA
Campo de controle BR-BrBNA
005 - DATA E HORA DA ÚLTIMA ATUALIZAÇÃO
Campo de controle 20230918103332.0
008 - CAMPO DE TAMANHO FIXO
fixed length control field 230523b2019 bl.ar|pooa||| 00| 0 eng |
040 ## - FONTE DA CATALOGAÇÃO
Agência catalogadora BR-BrBNA
Idioma da catalogação eng
072 ## - CATEGORIA AGRIS
Código AGRIS H60
100 ## - ENTRADA PRINCIPAL - NOME PESSOAL
Nome pessoal Zobiole, L.H.S.
100 ## - ENTRADA PRINCIPAL - NOME PESSOAL
Nome pessoal Pereira, V.G.C.
100 ## - ENTRADA PRINCIPAL - NOME PESSOAL
Nome pessoal Albrecht, A.J.P.
100 ## - ENTRADA PRINCIPAL - NOME PESSOAL
Nome pessoal Rubin, R.S.
100 ## - ENTRADA PRINCIPAL - NOME PESSOAL
Nome pessoal Adegas, F.S.
100 ## - ENTRADA PRINCIPAL - NOME PESSOAL
Nome pessoal Albrecht, L.P.
245 ## - TÍTULO PRINCIPAL
Título principal Paraquat resistance of sumatran fleabane (Conyza sumatrensis)
500 ## - NOTA GERAL
Nota geral Publicação on-line; 24 ref.; 2 tables; 1 illus.; Summaries (En, Pt)
942 ## - ADDED ENTRY ELEMENTS (KOHA)
Koha item type
520 ## - NOTA DE RESUMO
Nota de conteúdo <br/><br/>ABSTRACT - In Brazil, some populations of Conyza bonariensis and C. canadensis<br/>are glyphosate resistant and there are populations of C. sumatrensis (Sumatran<br/>fleabane) presenting multiple resistance to both glyphosate and chlorimuron. During<br/>the 2014/2015 and 2015/2016 seasons, growers reported failures to control Sumatran<br/>fleabane with paraquat. This study investigated the potential of paraquat resistant<br/>Sumatran fleabane populations in Paraná state, Brazil. Populations with suspected<br/>paraquat resistance were tested in the field in 2016 season. In 2017, seeds from these<br/>populations were collected, sown and grown in a greenhouse. Paraquat doseresponse <br/>curve experiments were performed in Mogi Mirim, SP; Londrina, PR and<br/>Palotina, PR using doses of 0, 50, 100, 200, 400, 800, 1,600 and 3,200 g ha-1, following<br/>all standard criteria for confirmation of weed resistance cases. Percentage control<br/>was assessed at 3, 7, 14, 21 and 28 days after application and data were fitted to a<br/>nonlinear, log-logistic model, and dose response curves were generated. The results<br/>of this study confirmed significant levels of resistance of Sumatran fleabane biotypes<br/>to paraquat with resistance factors between 3,57 to 34,29. Therefore, the first case of<br/>C. sumatrensis resistance to paraquat was confirmed in biotypes from the western<br/>area of Paraná state, Brazil.<br/><br/>Keywords: control, dose-response, PSI inhibitor.
520 ## - NOTA DE RESUMO
Nota de conteúdo <br/><br/>RESUMO - No Brasil, Conyza bonariensis e C. canadensis apresentam biótipos<br/>resistentes a glyphosate e C. sumatrensis apresenta resistência múltipla a glyphosate<br/>e chlorimuron. Durante as safras de 2014/2015 e 2015/2016 foram relatadas falhas<br/>no controle de buva submetida à aplicação de paraquat. Este estudo teve por<br/>objetivo investigar a possibilidade da resistência ao paraquat em populações de<br/>C. sumatrensis. Populações com suspeita de resistência foram testadas em campo<br/>na entressafra de 2016, sendo depois coletadas sementes e plantas durante a safra<br/>de 2017, que foram posteriormente, estudadas em casa de vegetação. Experimentos<br/>com curva de dose-resposta foram instalados em Mogi-Mirim, SP, Londrina-PR e<br/>Palotina-PR, utilizando doses de 0, 50, 100, 200, 400, 800, 1.600 e 3.200 g ha-1.<br/>Foi avaliada a porcentagem de controle aos 3, 7, 14, 21 e 28 dias após aplicação<br/>e utilizado um modelo não linear log-logístico para o ajuste da curva de doseresposta. <br/>Com os resultados obtidos neste estudo, foi confirmada a hipótese inicial<br/>do primeiro caso de resistência da buva ao paraquat na região oeste do Estado do<br/>Paraná, com fator de resistência variando entre 3,57 e 34,29, seguindo todos os<br/>critérios para a confirmação da resistência.<br/><br/>Palavras-chave: controle, dose-resposta, inibidor do fotossistema I.
650 ## - ASSUNTO - THESAGRO
Cabeçalho tópico ou nome geográfico ERVA DANINHA
650 ## - ASSUNTO - THESAGRO
Cabeçalho tópico ou nome geográfico HERBICIDA
650 ## - ASSUNTO - THESAGRO
Cabeçalho tópico ou nome geográfico CONTROLE QUÍMICO
773 0# - ENTRADA ANALÍTICA
Host Biblionumber 886
Registro do item 1816
Imprenta Londrina-PR : Sociedade Brasileira da Ciência das Plantas Daninhas, 1978
Outro identificador 2023-031023
Título Planta Daninha (Brazil)
ISSN 0100-8358; 1806-9681 (on-line)
Colação v. 37 p. 1-8; (2019)
Número de controle de registro BR2023000418
856 ## - ACESSO E ENDEREÇO ELETRÔNICO
Identificador uniforme de recurso - URI https://www.scielo.br/j/pd/a/TMYjLpdwprvqCstxvM7ckSr/?format=pdf&lang=en

Nenhum exemplar disponível.

BINAGRI

Telefone: (61)3218-2567/2388/3357/2097 - binagri@agro.gov.br

Ministério da Agricultura e Pecuária , Esplanada dos Ministérios, Bloco D, Anexo B, Brasília/DF, CEP: 70.043-900